Design of feedback control systems / (Record no. 183916)
[ view plain ]
| 000 -LEADER | |
|---|---|
| fixed length control field | 01056 a2200241 4500 |
| 003 - CONTROL NUMBER IDENTIFIER | |
| control field | Nust |
| 005 - DATE AND TIME OF LATEST TRANSACTION | |
| control field | 20241204170608.0 |
| 010 ## - LIBRARY OF CONGRESS CONTROL NUMBER | |
| LC control number | 81006371 |
| 020 ## - INTERNATIONAL STANDARD BOOK NUMBER | |
| International Standard Book Number | 0030575931 |
| 040 ## - CATALOGING SOURCE | |
| Transcribing agency | Nust |
| 082 00 - DEWEY DECIMAL CLASSIFICATION NUMBER | |
| Classification number | 629.8312,SAV |
| 100 1# - MAIN ENTRY--PERSONAL NAME | |
| Personal name | Hostetter, G. H., |
| 9 (RLIN) | 106633 |
| 245 10 - TITLE STATEMENT | |
| Title | Design of feedback control systems / |
| Statement of responsibility, etc. | Gene H. Hostetter, Clement J. Savant, Jr., Raymond Stefani. |
| 250 ## - EDITION STATEMENT | |
| Edition statement | 3rd ed. |
| 260 ## - PUBLICATION, DISTRIBUTION, ETC. | |
| Place of publication, distribution, etc. | [New York] : |
| Name of publisher, distributor, etc. | Holt, Rinehart & Winston, |
| Date of publication, distribution, etc. | [1995] |
| 300 ## - PHYSICAL DESCRIPTION | |
| Extent | xvi, 541 p. : |
| Other physical details | ill. ; |
| Dimensions | 24 cm. |
| 440 #0 - SERIES STATEMENT/ADDED ENTRY--TITLE | |
| Title | HRW series in electrical and computer engineering |
| 9 (RLIN) | 103696 |
| 505 ## - FORMATTED CONTENTS NOTE | |
| Formatted contents note | Continuous-Time System Description (Page-1), Continuous Time System Response (Page-85), Tracking System Performance (Page-144), Root Locus Analysis (Page-200), Root Locus Design (Page-267), Frequency Response Methods (Page-318), State Variable Methods for Continuous Time Systems (Page-435), Digital Control (Page-557). |
| 650 #0 - SUBJECT ADDED ENTRY--TOPICAL TERM | |
| Topical term or geographic name entry element | Feedback control systems. |
| 700 1# - ADDED ENTRY--PERSONAL NAME | |
| Personal name | Savant, C. J. |
| 9 (RLIN) | 97210 |
| 700 1# - ADDED ENTRY--PERSONAL NAME | |
| Personal name | Stefani, Raymond T. |
| 9 (RLIN) | 106634 |
| 942 ## - ADDED ENTRY ELEMENTS (KOHA) | |
| Source of classification or shelving scheme | |
| Koha item type | Book |
| Withdrawn status | Lost status | Source of classification or shelving scheme | Damaged status | Not for loan | Permanent Location | Current Location | Shelving location | Date acquired | Total Checkouts | Full call number | Barcode | Date last seen | Date last checked out | Price effective from | Koha item type | Public note | Collection code |
|---|---|---|---|---|---|---|---|---|---|---|---|---|---|---|---|---|---|
| Military College of Signals (MCS) | Military College of Signals (MCS) | General Stacks | 12/12/2016 | 1 | 621.8312,SAV | MCS36298 | 04/07/2026 | 03/06/2026 | 12/12/2016 | Book | Almirah No.41, Shelf No.6 | ||||||
| Military College of Signals (MCS) | Military College of Signals (MCS) | 12/12/2016 | 621.8312 SAV | MCS6649 | 12/08/2016 | 12/12/2016 | Book |
